المورد الحديث : (Record no. 18706)

MARC details
000 -الفاتح
حقل البيانات ثابتة الطول 01624cam a22003735a 4500
003 - محدد رقم الضبط
رقم الضبط EG-ScBUE
005 - وقت وتاريخ اخر تعامل مع التسجيلة
رقم الضبط 20191229115501.0
006 - عناصر البيانات ثابتة الطول - خصائص المادة الاضافية-معلومات عامة
حقل البيانات ثابتة الطول m||||fq||d 00| 0
008 - عناصر البيانات ثابتة الطول - معلومات عامة
حقل البيانات ثابتة الطول 100506s2014 le f bd 000 0 ara d
020 ## - الرقم الدولى المعيارى للكتب
الرقم الدولى المعيارى للكتاب 9789953639406
040 ## - مصدر الفهرسة
وكالة الفهرسة الأصلية EG-ScBUE
لغة الفهرسة ara
قواعد الوصف rda
وكالة النسخ EG-ScBUE
وكالة التعديل EG-ScBUE
041 0# - رمز اللغة
رمز لغة النص/ المسارات الصوتية أو العنوان الانفرادي ara
-- eng
082 04 - رقم تصنيف ديوى العشرى
رقم التصنيف 492.7321
رقم المادة ب ع ل
رقم الطبعة 22
100 1# - المدخل الرئيسى - إسم شخصى
الإسم الشخصى بعلبكي، منير،
الدور مؤلف.
9 (RLIN) 13841
245 12 - بيان العنوان
العنوان المورد الحديث :
بقية العنوان قاموس إنكليزي-عربي حديث = al-Mawrid al-hadeeth : a modern English-Arabic dictionary /
بيان المسئوليه,etc تأليف منير البعلبكي، د. رمزي منير البعلبكي.
246 31 - العنوان الموازى
عنوان صحيح/عنوان مختصر Mawrid al-hadeeth :
بقية العنوان a modern English-Arabic dictionary
246 3# - العنوان الموازى
عنوان صحيح/عنوان مختصر المورد الحديث :
بقية العنوان قاموس إنجليزي-عربي حديث
264 #1 - النشر، التوزيع
مكان الناشر او الموزع بيروت، لبنان :
اسم الناشر او الموزع دار العلم للملايين،
تاريخ النشر أو التوزيع 2014.
300 ## - الوصف المادى
التعداد 1429، 89 صفحة :
تفاصيل ماديه اخرى للوعاء صور، رسوم ؛
أبعاد الوعاء 24 سم +
المادة المصاحبة 1 قرص مليزر.
336 ## - نوع المحتوى
source rdacontent
Carrier Type Term نص
Content Type Code txt
336 ## - نوع المحتوى
source rdacontent
Carrier Type Term صوت
Content Type Code snd
337 ## - نوع الوسيط
source rdamedia
Media Type Term بدون وسيط
Media Type Code n
337 ## - نوع الوسيط
source rdamedia
Media Type Term صوتي
Media Type Code s
338 ## - نوع الحامل أو الناقل
source rdacarrier
Carrier Type Term مجلد
Carrier Type Code nc
338 ## - نوع الحامل أو الناقل
source rdacarrier
Carrier Type Term قرص مليزر
Carrier Type Code cd
500 ## - تبصرة عامة
تبصرة عامة يشتمل على معجم أعلام.
504 ## - تبصرة ببليوجرافية
تبصرة ببليوجرافية,الخ يشتمل على إرجاعات ببليوجرافية.
590 ## - تبصرة محلية(RLIN)
تبصرة محلية Asmaa mohamed<br/>
650 #7 - المدخل الاضافى بالموضوع-مصطلح موضوعى
مصطلح موضوعي أو اسم جغرافي كعنصر مدخل اللغة الإنجليزية
التقسيم الفرعي الشكلي معاجم
التقسيم الفرعي العام اللغة العربية
مصدر الرأس أو المصطلح BUEsh
9 (RLIN) 13839
653 ## - مصطلح تكشيفى غير مقيد
Resource For college Humanities: English
Arrived date list December2014
655 ## - مصطلح تكشيفى-نوع/شكل
التقسيم الفرعي الشكلي Reading book
700 1# - المدخل الاضافى - اسم شخصى
الإسم الشخصى بعلبكي، رمزي،
الدور مؤلف.
942 ## - عناصر المدخل الإضافي( كوها)
مصدر التصنيف او مخطط الترفيف Dewey Decimal Classification
Holdings
حالة التراجع حالة الفقد مصدر التصنيف او خطة الترفيف حالة تلف ليس للاعارة مجموعات كوها المكان الدائم المكان الحالي موقع الترفيف تاريخ الاكتساب Source of acquisition سعر الشراء الطبيعي رقم الاستدعاء الباركود Date last seen مُعار التكلفة نوع الوعاء
    Dewey Decimal Classification     سور الازبكية Central Library Central Library Ground Floor 03/12/2014 Purchase 120.00 492.7321 ب ع ل 000029770 15/07/2025 12/05/2018 150.00 Reference (NB)
    Dewey Decimal Classification     سور الازبكية Central Library Central Library Second Floor 03/12/2014 Purchase 120.00 492.7321 ب ع ل 000029771 24/08/2022   150.00 CD | DVD - With book (NB)